| 000 | 00652cam a22002291 4500 | ||
|---|---|---|---|
| 999 |
_c328549 _d328549 |
||
| 001 | 4542902 | ||
| 003 | Nust | ||
| 005 | 20170411191459.0 | ||
| 008 | 710506s1968 enk 000 1 eng | ||
| 010 | _a 68110432 | ||
| 015 | _aB68-09463 | ||
| 020 | _a9788129112682 | ||
| 040 |
_aDLC _cDLC _dDLC |
||
| 050 | 0 | 0 |
_aPZ3.W1525 _bHan5 _aPR6045.A327 |
| 082 |
_a823 _bWAL |
||
| 100 | 1 |
_aWallace, Edgar, _d1875-1932. |
|
| 245 | 1 | 4 | _aThe hand of power. |
| 250 | _aRevised ed. (reset). | ||
| 260 |
_aLondon, _bLong, _c1968. |
||
| 300 |
_a352 p. _c19 cm. |
||
| 350 | _a18/- | ||
| 906 |
_a7 _bcbc _corignew _du _encip _f19 _gy-gencatlg |
||
| 942 |
_2ddc _cBK |
||